000 02842nam a2200685 c 4500
001 58861
003 CO-BoRNBP
005 20250828193820.0
007 ta
008 210713r20082014ck a br 000 0 spa d
020 _a9788498672534
_qedición española
020 _a9789581414178
040 _aCO-BoRNBP
_bspa
_erda
_cCO-BoRNBP
041 1 _aspa
_heng
082 0 4 _a323.4
_bT62
_222
110 2 _aAmnistía International
_964216
245 1 0 _aTodos nacemos libres :
_bla Declaración Universal de los Derechos Humanos ilustrada /
_ctexto simplificado por Amnistía International ; ilustrado por John Burningham... [y otros veintinueve].
250 _aPrimera edición.
_bQuinta reimpresión
264 1 _aBogotá, Colombia :
_bAmnistía Internacional,
_c2014
300 _a63 páginas :
_bilustraciones a color
336 _atexto
_btxt
_2rdacontent
337 _asin mediación
_bn
_2rdamedia
338 _avolumen
_bnc
_2rdacarrier
521 1 _aRecomendado para un público infantil mayor de 8 años
534 _tWe are all born free
650 0 7 _aLibertades civiles
_xEnseñanza
_xLiteratura infantil
_2lemb
_964217
650 0 7 _aNiños
_xDerechos civiles
_xEnseñanza
_2LEMB
_964218
650 0 0 _aDerechos humanos
_xEnseñanza
_xLiteratura infantil
_2LEMB
_964219
650 0 7 _aDerechos Civiles
_xEnseñanza
_xLiteratura infantil
_2LEMB
_964220
700 _aAllan, Nicholas,
_d1965-
_eill
_964221
700 _aAnholt, Catherine,
_d1958-
_eill
_964222
700 _aAnholt, Laurence,
_d1959-
_eill
_964223
700 _aBurningham, John,
_d1936-2019
_eill
_964224
700 _aDunbar, Polly,
_d1980-
_eill
_9796
700 _aFitzpatrick, Marie-Louise,
_d1962-
_eill
_964225
700 _aGay, Marie-Louise,
_d1952-
_eill
_964226
700 _aGilchrist, Jan Spivey,
_d1949-
_eill
_964227
700 _aGliori, Debi,
_d1959-
_eill
_963361
700 _aGranstrom, Brita,
_d1969-
_eill
_964228
700 _aGrobler, Piet,
_d1959-
_eill
_964229
700 _aGusti,
_d1963-
_eill
_9781
700 _aHein, Sybille,
_d1971-
_eill
_964230
700 _aKitamura, Satoshi,
_d1956-
_eill
700 _aKönnecke, Ole,
_d1961-
_eill
_964231
700 _aLassec, Frané,
_d1954-
_eill
_964232
700 _aLee, Alan,
_d1947-
_eill
_964233
700 _aMorris, Jackie,
_d1961-
_eill
_964234
700 _aRay, Jane,
_d1960-
_eill
_964235
700 _aScheffler, Axel,
_d1957-
_eill
_962098
700 _aSouhami, Jessica
_eill
_964236
700 _aSung-Dam, Hong,
_d1955-
_eill
_964237
700 _aVilela, Fernando,
_d1973-
_eill
_964238
700 _aWilliams, Marcia,
_d1945-
_eill
_964239
700 1 _aDaly, Niki,
_d1946-
_eill
_964240
700 1 _aGraham, Bob,
_d1942-
_eill
_964241
700 1 _aPaul, Korky,
_d1957-
_eill
_964242
700 1 _aRapaport, Gilles,
_d1965-
_eill
_964243
700 1 _aRiddell, Chris,
_d1962-
_eill
_964244
942 _2ddc
_cBKINF
999 _c58861
_d58861